राष्ट्रवाद बनाम देशभक्ति (Record no. 1016541)

MARC details
000 -LEADER
fixed length control field 01280nam a2200289Ia 4500
003 - CONTROL NUMBER IDENTIFIER
control field OSt
005 - DATE AND TIME OF LATEST TRANSACTION
control field 20221005105657.0
008 - FIXED-LENGTH DATA ELEMENTS--GENERAL INFORMATION
fixed length control field 221004b |||||||| |||| 00| 0 hin d
020 ## - INTERNATIONAL STANDARD BOOK NUMBER
International Standard Book Number 8181433726 (hbk)
037 ## - SOURCE OF ACQUISITION
Terms of availability Textual
040 ## - CATALOGING SOURCE
Original cataloging agency CRL
Transcribing agency CRL
Language of cataloging hin
041 ## - LANGUAGE CODE
Source of code hin
Language code of text/sound track or separate title hin
100 ## - MAIN ENTRY--PERSONAL NAME
Personal name नंदी, आशिस
245 #0 - TITLE STATEMENT
Title राष्ट्रवाद बनाम देशभक्ति
Remainder of title रवींद्रनाथ ठाकुर और इयत्ता की राजनीति
246 ## - VARYING FORM OF TITLE
Title proper/short title Rāṣhṭravād banām deshabhakti: ravīandranāth ṭhākur aur iyattā kī rājanīti
260 ## - PUBLICATION, DISTRIBUTION, ETC.
Place of publication, distribution, etc. नई दिल्ली
Name of publisher, distributor, etc. वाणी प्रकाशन भारत
Date of publication, distribution, etc. 2005
300 ## - PHYSICAL DESCRIPTION
Extent 153पृ0
Dimensions cm.
490 ## - SERIES STATEMENT
Series statement सामयिक विमर्श
650 ## - SUBJECT ADDED ENTRY--TOPICAL TERM
Topical term or geographic name entry element बंगाली साहित्य
700 ## - ADDED ENTRY--PERSONAL NAME
Personal name दुबे, अभय कुमार, अनु.
9 (RLIN) 623680
942 ## - ADDED ENTRY ELEMENTS (KOHA)
Classification part O157,3M61:g, 152P5
Koha item type Textual
Source of classification or shelving scheme
Holdings
Withdrawn status Lost status Damaged status Not for loan Home library Current library Date acquired Source of acquisition Total Checkouts Full call number Barcode Date last seen Price effective from Koha item type Public note
        Central Library Central Library 2022-10-05 571, 23/03/2009, Vani Prakashan   O157,3M61:g 152P5 CL1450485 2022-10-05 2022-10-05 Textual Translated from Bengali to Hindi
Copyright @ Delhi University Library System